000 00312nam a22001097a 4500
082 _a330.95491 SBP
100 _aState Bank of Pakistan
245 _aBanking Statistics of Pakistan 2004-2005
_cState Bank of Pakistan
300 _a508p
942 _2ddc
_cBK
999 _c586073
_d586073